[Event "Nova Gorica op"]
[Site "Nova Gorica"]
[Date "1997.??.??"]
[Round "5"]
[White "Tonon, Alessandro"]
[Black "Horvath, Peter"]
[Result "0-1"]
[WhiteElo "2140"]
[BlackElo "2415"]
[PlyCount "88"]
[EventDate "1997.01.??"]
[Source "www.chesslib.no"]
[SourceDate "2004.05.04"]

1. d4 d5 2. c4 e6 3. Nc3 Nf6 4. Bg5 Nbd7 5. e3 c6 6. Nf3 Qa5 7. Nd2 Bb4 8. Qc2 dxc4 9. Bxf6 Nxf6 10. Nxc4 Qc7 11. a3 Be7 12. Be2 O-O 13. O-O c5 14. Nb5 Qb8 15. dxc5 Bxc5 16. b4 Be7 17. Rac1 Bd7 18. Nd4 Rc8 19. Qd3 e5 20. Nf5 Bf8 21. Ng3 Be6 22. Ne4 Be7 23. Ng5 Rd8 24. Qc2 Bd5 25. Bf3 Bxf3 26. gxf3 Rd5 27. Rfd1 Rxd1+ 28. Rxd1 Qc7 29. Qb3 Rf8 30. Rd3 h6 31. Ne4 Nxe4 32. fxe4 Rc8 33. Nd2 Qc6 34. Qd5 Qg6+ 35. Kf1 Rc1+ 36. Ke2 Qg1 37. Nb3 Re1+ 38. Kd2 Qxf2+ 39. Kc3 Re2 40. Kc4 Rc2+ 41. Kb5 Qe2 42. Ka4 Rc6 43. Rd2 Qa6+ 44. Na5 Rd6 0-1

[Event "Thessaloniki ol (Men)"]
[Site "Thessaloniki GRE"]
[Date "1988.??.??"]
[Round "?"]
[White "Quendro, Llambi"]
[Black "Rahman, Ziaur"]
[Result "1-0"]
[WhiteElo "2295"]
[BlackElo "2260"]
[PlyCount "70"]
[EventDate "1988.11.??"]
[Source "www.chesslib.no"]
[SourceDate "2004.05.04"]

1. d4 d5 2. c4 e6 3. Nc3 Nf6 4. Bg5 Nbd7 5. e3 c6 6. Nf3 Qa5 7. Bxf6 Nxf6 8. Qc2 Ne4 9. Bd3 f5 10. O-O Bd6 11. cxd5 exd5 12. Ne5 Bxe5 13. dxe5 O-O 14. Ne2 Bd7 15. Nd4 Rae8 16. b4 Qc7 17. f4 g6 18. Rac1 Rc8 19. Bxe4 fxe4 20. e6 Be8 21. g4 Qe7 22. Qc5 Qxc5 23. bxc5 b6 24. f5 gxf5 25. Nxf5 Rc7 26. g5 Bg6 27. cxb6 axb6 28. Rxc6 Rxc6 29. Ne7+ Kg7 30. Nxc6 Rxf1+ 31. Kxf1 Kf8 32. Kf2 Be8 33. Nd4 Ke7 34. Kg3 Kd6 35. Kf4 Kc5 1-0

[Event "Corr"]
[Site "?"]
[Date "2001.11.30"]
[Round "?"]
[White "Raffaele Enzo"]
[Black "Belov Dmitry"]
[Result "1/2-1/2"]
[WhiteElo "2350"]
[BlackElo "2198"]
[PlyCount "80"]
[EventDate "2001.??.??"]
[Source "www.chesslib.no"]
[SourceDate "2004.05.04"]

1. d4 d5 2. c4 e6 3. Nc3 Nf6 4. Bg5 Nbd7 5. e3 c6 6. Nf3 Qa5 7. Nd2 Bb4 8. Qc2 O-O 9. Be2 dxc4 10. Bxf6 Nxf6 11. Nxc4 Qc7 12. O-O Rd8 13. a3 Be7 14. b4 Bd7 15. Bf3 Rac8 16. Rfd1 Be8 17. Qb3 Nd5 18. Ne4 b6 19. Rac1 c5 20. dxc5 bxc5 21. Ncd2 Qb6 22. Nxc5 Bxc5 23. bxc5 Rxc5 24. Qxb6 axb6 25. Rxc5 bxc5 26. Ne4 Ra8 27. Nxc5 Rxa3 28. Bxd5 exd5 29. h4 f6 30. Rxd5 Ra5 31. Rd8 Rxc5 32. Rxe8+ Kf7 33. Rh8 h6 34. g4 g6 35. Kg2 h5 36. gxh5 Kg7 37. Rd8 gxh5 38. Kg3 Rc1 39. Rd7+ Kg6 40. f3 Rg1+ 1/2-1/2

[Event "16. International Open"]
[Site "?"]
[Date "2005.07.09"]
[Round "2"]
[White "Paschall William M"]
[Black "Gazvoda Franc"]
[Result "1-0"]
[WhiteElo "2399"]
[BlackElo "2148"]
[PlyCount "101"]
[EventDate "2005.??.??"]
[Source "www.chesslib.no"]
[SourceDate "2004.05.04"]

1. d4 d5 2. c4 e6 3. Nc3 Nf6 4. Bg5 Nbd7 5. e3 c6 6. Nf3 Qa5 7. Nd2 Bb4 8. Qc2 O-O 9. Be2 Ne4 10. Ndxe4 dxe4 11. Bh4 f5 12. O-O Nf6 13. Bg3 Qd8 14. Rad1 Bd6 15. d5 Bxg3 16. hxg3 exd5 17. cxd5 cxd5 18. Nxd5 Nxd5 19. Rxd5 Qe7 20. Rc1 Kh8 21. Rc5 Be6 22. Rc7 Qb4 23. a3 Qb6 24. Qc3 Rg8 25. b4 h6 26. Qc5 Qxc5 27. R1xc5 Rgc8 28. Rxb7 Rxc5 29. bxc5 Rc8 30. Re7 Bb3 31. Re5 g6 32. g4 fxg4 33. Bxg4 Rc7 34. Rxe4 Kg7 35. c6 a5 36. Bd7 Kf6 37. f4 a4 38. Rd4 Ke7 39. Kf2 Bc2 40. e4 Bb3 41. Ke3 Bc2 42. g4 h5 43. gxh5 gxh5 44. e5 h4 45. f5 Bxf5 46. Bxf5 Rxc6 47. Rxa4 h3 48. Ra7+ Kf8 49. Rh7 Rc3+ 50. Kf4 Rxa3 51. Kg5 1-0

[Event "II Open ROMGAZ"]
[Site "Bucarest ROM"]
[Date "2008.09.13"]
[Round "3"]
[White "Dzagnidze, N."]
[Black "Turcu, I."]
[Result "1-0"]
[WhiteElo "2458"]
[BlackElo "2084"]
[PlyCount "111"]
[EventDate "2008.09.11"]
[Source "www.chesslib.no"]
[SourceDate "2004.05.04"]

1. d4 d5 2. c4 e6 3. Nc3 Nf6 4. Bg5 Nbd7 5. e3 c6 6. Nf3 Qa5 7. Nd2 Bb4 8. Qc1 O-O 9. a3 Bxc3 10. Qxc3 Qxc3 11. bxc3 Re8 12. f3 h6 13. Bh4 e5 14. Kf2 g5 15. Bg3 Nh5 16. cxd5 cxd5 17. Bb5 Nxg3 18. hxg3 Kg7 19. Rab1 exd4 20. cxd4 Re7 21. a4 Nf6 22. a5 Bf5 23. Rbc1 a6 24. Ba4 Rb8 25. Bc2 Bxc2 26. Rxc2 b6 27. Rb1 Reb7 28. Rcb2 Nd7 29. e4 Rc7 30. axb6 Rcb7 31. exd5 Rxb6 32. Rxb6 Rxb6 33. Ra1 Nf6 34. Nc4 Rb4 35. Ne3 Rb2+ 36. Kf1 Rb6 37. Rc1 a5 38. Rc7 Rb1+ 39. Ke2 Rb2+ 40. Kd1 Rb3 41. Nf5+ Kg6 42. Kc2 Rb6 43. Ne7+ Kh7 44. Kc3 Ra6 45. Kb3 Ne8 46. Rc6 Ra7 47. Nf5 f6 48. d6 Kg6 49. g4 h5 50. Rc8 hxg4 51. fxg4 Kf7 52. d5 Rd7 53. Rc6 Kf8 54. Ka4 Ng7 55. Nxg7 Rxg7 56. Rc8+ 1-0

[Event "19 ECC 2003 Men"]
[Site "?"]
[Date "2003.10.02"]
[Round "5.136"]
[White "Halldorsson Bragi"]
[Black "Ginzburg Mikhail"]
[Result "0-1"]
[WhiteElo "2238"]
[BlackElo "2294"]
[PlyCount "64"]
[EventDate "2003.??.??"]
[Source "www.chesslib.no"]
[SourceDate "2004.05.04"]

1. d4 d5 2. c4 e6 3. Nc3 Nf6 4. Bg5 Nbd7 5. e3 c6 6. Nf3 Qa5 7. Nd2 Bb4 8. Qc2 O-O 9. Be2 Ne4 10. Ndxe4 dxe4 11. Bh4 e5 12. O-O exd4 13. exd4 Bxc3 14. bxc3 Re8 15. f3 exf3 16. Rxf3 Nf8 17. Bd3 Be6 18. Raf1 Ng6 19. Bg3 Rad8 20. a4 Rd7 21. c5 Bd5 22. R3f2 Rde7 23. h4 Re3 24. Kh2 Rxg3 25. Kxg3 Qc7+ 26. Kg4 Re3 27. Rf3 h5+ 28. Kxh5 Bxf3+ 29. Rxf3 Rxf3 30. gxf3 Qg3 31. Bxg6 Qxf3+ 32. Kg5 f6# 0-1

[Event "Open"]
[Site "?"]
[Date "2005.05.17"]
[Round "2"]
[White "Peskov Alexsey"]
[Black "Kosikov An"]
[Result "1-0"]
[WhiteElo "2362"]
[BlackElo "2158"]
[PlyCount "101"]
[EventDate "2005.??.??"]
[Source "www.chesslib.no"]
[SourceDate "2004.05.04"]

1. d4 d5 2. c4 e6 3. Nc3 Nf6 4. Bg5 Nbd7 5. e3 c6 6. Nf3 Qa5 7. Nd2 Bb4 8. Qc2 dxc4 9. Bxf6 Nxf6 10. Nxc4 Qd5 11. O-O-O Bxc3 12. Qxc3 O-O 13. f3 c5 14. e4 cxd4 15. Qxd4 Qxd4 16. Rxd4 Bd7 17. Nd6 Bc6 18. Bc4 Rfd8 19. Rhd1 Ne8 20. Nxe8 Rxe8 21. e5 Rac8 22. Kd2 Kf8 23. Ke3 Ke7 24. Rg4 Kf8 25. Rgd4 Ke7 26. R1d3 Rc7 27. Ra3 a6 28. Rc3 Rec8 29. Bb3 Bb5 30. Rxc7+ Rxc7 31. Rd2 h6 32. f4 Rc1 33. Rd1 Rxd1 34. Bxd1 Bc6 35. g3 Kd8 36. h4 Kc7 37. Bb3 Bb5 38. Bd1 Bc4 39. a3 Bd5 40. Kd4 Kc6 41. Ba4+ b5 42. Bd1 Bg2 43. b4 Kb6 44. g4 g6 45. g5 h5 46. f5 Bc6 47. f6 Be8 48. Bf3 a5 49. bxa5+ Kxa5 50. Kc5 Ka4 51. Kd6 1-0

[Event "Corr"]
[Site "?"]
[Date "2000.??.??"]
[Round "?"]
[White "Deforel Jorge Eduardo"]
[Black "Luzardo Alvarez Julio Cesar"]
[Result "1-0"]
[WhiteElo "2314"]
[BlackElo "2202"]
[PlyCount "117"]
[EventDate "2000.??.??"]
[Source "www.chesslib.no"]
[SourceDate "2004.05.04"]

1. d4 d5 2. c4 e6 3. Nc3 Nf6 4. Bg5 Nbd7 5. e3 c6 6. Nf3 Qa5 7. Nd2 Bb4 8. Qc2 O-O 9. Be2 dxc4 10. Bxf6 Nxf6 11. Nxc4 Qc7 12. a3 Be7 13. b4 b6 14. O-O Bb7 15. Bf3 Rfd8 16. Rab1 Rac8 17. Rfc1 a6 18. Ne4 Nd7 19. Qb2 f5 20. Ng3 Bd6 21. Nxd6 Qxd6 22. a4 Nf6 23. a5 b5 24. Rc5 Rf8 25. Rbc1 Nd7 26. R5c2 e5 27. Rd2 e4 28. Bd1 Rf6 29. Nh5 Rh6 30. Rdc2 Nf6 31. Nxf6+ Rxf6 32. Rc5 Rc7 33. Re5 Re7 34. Bb3+ Kh8 35. Ba2 Rf8 36. Rxe7 Qxe7 37. Rc5 Qf6 38. Qc2 Qd6 39. Qb3 Bc8 40. Qc3 Bd7 41. Re5 Qf6 42. Qc5 f4 43. Be6 Bxe6 44. Rxe6 Qf7 45. Qe7 Qf5 46. Re5 Qc8 47. Rg5 Rg8 48. exf4 h6 49. Rg6 Qf5 50. Rxc6 Qxf4 51. Qe5 Qd2 52. h3 Rf8 53. Kh2 Qf4+ 54. Qxf4 Rxf4 55. Kg3 Rf5 56. Rxa6 Rg5+ 57. Kf4 Rxg2 58. Rb6 Rxf2+ 59. Kxe4 1-0

[Event "Bruchkoebel MVT"]
[Site "Bruchkoebel"]
[Date "1993.??.??"]
[Round "6"]
[White "Schwarz, Peter"]
[Black "Majer, Damir"]
[Result "1/2-1/2"]
[WhiteElo "2290"]
[BlackElo "2225"]
[PlyCount "33"]
[EventDate "1993.??.??"]
[Source "www.chesslib.no"]
[SourceDate "2004.05.04"]

1. d4 d5 2. c4 e6 3. Nc3 Nf6 4. Bg5 Nbd7 5. e3 c6 6. Nf3 Qa5 7. Nd2 Bb4 8. Qc2 O-O 9. Be2 e5 10. Bxf6 Nxf6 11. dxe5 Ne4 12. Ndxe4 dxe4 13. O-O Bxc3 14. Qxc3 Qxc3 15. bxc3 Re8 16. Rfd1 Kf8 17. Rd6 1/2-1/2

[Event "BL2-N 9293"]
[Site "GER"]
[Date "1993.??.??"]
[Round "?"]
[White "Federau, Juergen"]
[Black "Hegeler, Frank"]
[Result "1-0"]
[WhiteElo "2285"]
[BlackElo "2215"]
[PlyCount "91"]
[EventDate "1992.10.??"]
[Source "www.chesslib.no"]
[SourceDate "2004.05.04"]

1. d4 d5 2. c4 e6 3. Nc3 Nf6 4. Bg5 Nbd7 5. e3 c6 6. Nf3 Qa5 7. Nd2 Bb4 8. Qc2 O-O 9. Bxf6 Nxf6 10. Bd3 b6 11. Rc1 Ba6 12. a3 Bxc3 13. Qxc3 Qxc3 14. Rxc3 Rfc8 15. Ke2 c5 16. dxc5 Rxc5 17. Rhc1 Rac8 18. cxd5 Rxc3 19. Rxc3 Rxc3 20. bxc3 Bxd3+ 21. Kxd3 Nxd5 22. c4 Nc7 23. c5 b5 24. Kd4 Kf8 25. c6 Na6 26. Ne4 Ke7 27. Nc5 Nc7 28. Nb7 Na6 29. e4 f6 30. f4 b4 31. axb4 Nxb4 32. c7 Kd7 33. Nc5+ Kxc7 34. Nxe6+ Kd7 35. Nxg7 a5 36. Kc4 Nc2 37. Nf5 a4 38. g3 Ne1 39. Nd4 Ng2 40. Kb4 Kd6 41. Nc2 h5 42. h4 Kc6 43. Kxa4 Kc5 44. Kb3 Ne1 45. Nxe1 Kd4 46. e5 1-0

[Event "Tatry Open"]
[Site "?"]
[Date "2004.09.25"]
[Round "1"]
[White "Plachetka Jan"]
[Black "Palka Miroslav"]
[Result "1-0"]
[WhiteElo "2435"]
[BlackElo "2062"]
[PlyCount "95"]
[EventDate "2004.??.??"]
[Source "www.chesslib.no"]
[SourceDate "2004.05.04"]

1. d4 d5 2. c4 e6 3. Nc3 Nf6 4. Bg5 Nbd7 5. e3 c6 6. Nf3 Qa5 7. cxd5 Nxd5 8. Qd2 Bb4 9. Rc1 O-O 10. Bd3 Nxc3 11. bxc3 Ba3 12. Rb1 e5 13. O-O Re8 14. Qc2 h6 15. Bh4 exd4 16. cxd4 Nb6 17. Ne5 Be6 18. e4 Bd6 19. f4 Bxe5 20. fxe5 Qxa2 21. Rb2 Qa3 22. Rf3 Na4 23. Rb1 Nc3 24. Rxb7 Reb8 25. Rxb8+ Rxb8 26. Bf1 Rb3 27. Bf2 a5 28. d5 cxd5 29. Bd4 dxe4 30. Rxc3 Qb4 31. Rc8+ Bxc8 32. Qxc8+ Qf8 33. Qd7 Rb1 34. Kf2 Qb4 35. Qc8+ Kh7 36. Qf5+ Kg8 37. Qxe4 Rd1 38. Qa8+ Kh7 39. Bd3+ g6 40. Bxg6+ Kxg6 41. Qe4+ f5 42. exf6+ Kf7 43. Qh7+ Ke6 44. Qg8+ Kf5 45. Qc8+ Kg5 46. h4+ Kxh4 47. Qh3+ Kg5 48. Qg3+ 1-0

[Event "Open, Estensi ITA"]
[Site "?"]
[Date "2001.??.??"]
[Round "2"]
[White "Pircher, K."]
[Black "Brumen, D."]
[Result "0-1"]
[WhiteElo "2040"]
[BlackElo "2455"]
[PlyCount "50"]
[EventDate "2001.??.??"]
[Source "www.chesslib.no"]
[SourceDate "2004.05.04"]

1. d4 d5 2. c4 e6 3. Nc3 Nf6 4. Bg5 Nbd7 5. e3 c6 6. Nf3 Qa5 7. Nd2 Bb4 8. Qc2 O-O 9. Be2 e5 10. O-O exd4 11. exd4 dxc4 12. Bxf6 Nxf6 13. Nxc4 Qg5 14. Bf3 Bf5 15. Ne4 Nxe4 16. Bxe4 Bxe4 17. Qxe4 Rfe8 18. Qf3 Rad8 19. Ne5 Qe7 20. Rfd1 c5 21. Qb3 Rxd4 22. Rxd4 cxd4 23. f4 Ba5 24. Rc1 Bd2 25. Rc5 Bxf4 0-1

[Event "Warsaw Cup"]
[Site "Warsaw POL"]
[Date "1987.??.??"]
[Round "11"]
[White "Drzemicki, Dariusz"]
[Black "Maciejewski, Miroslaw"]
[Result "1/2-1/2"]
[WhiteElo "2205"]
[BlackElo "2285"]
[PlyCount "26"]
[EventDate "1987.04.??"]
[Source "www.chesslib.no"]
[SourceDate "2004.05.04"]

1. d4 d5 2. c4 e6 3. Nc3 Nf6 4. Bg5 Nbd7 5. e3 c6 6. Nf3 Qa5 7. Nd2 dxc4 8. Bxf6 Nxf6 9. Nxc4 Qc7 10. Be2 Bd7 11. O-O Bd6 12. Nxd6+ Qxd6 13. Qb3 O-O 1/2-1/2

[Event "Cseppko Open"]
[Site "Aggtelek"]
[Date "1994.??.??"]
[Round "1"]
[White "Krutti, Valer"]
[Black "Szep, Attila"]
[Result "1-0"]
[WhiteElo "2430"]
[BlackElo "2035"]
[PlyCount "75"]
[EventDate "1994.??.??"]
[Source "www.chesslib.no"]
[SourceDate "2004.05.04"]

1. d4 d5 2. c4 e6 3. Nc3 Nf6 4. Bg5 Nbd7 5. e3 c6 6. Nf3 Qa5 7. Nd2 Bb4 8. Qc2 O-O 9. Be2 dxc4 10. Bxf6 Nxf6 11. Nxc4 Qg5 12. O-O c5 13. a3 cxd4 14. axb4 dxc3 15. Nb6 cxb2 16. Qxb2 Rb8 17. Rxa7 Nd7 18. Nc4 Qb5 19. Rd1 Nf6 20. Ra5 Qe8 21. e4 b6 22. Rg5 Qe7 23. Qe5 g6 24. Qxb8 Nxe4 25. Re5 Bb7 26. Qa7 Nc3 27. Rc1 Nxe2+ 28. Rxe2 Qg5 29. Ne3 Bxg2 30. f4 Qxf4 31. Kxg2 Qxb4 32. Qb7 Qb5 33. Qf3 Rd8 34. Rc7 Qg5+ 35. Kh1 f5 36. Ra2 Qh4 37. Ra8 Qe1+ 38. Nf1 1-0

[Event "Baden-ch"]
[Site "Leimen"]
[Date "2001.04.18"]
[Round "6"]
[White "Jaeschke, Benno"]
[Black "Hildenbrand, Peter"]
[Result "1/2-1/2"]
[WhiteElo "2235"]
[BlackElo "2201"]
[PlyCount "30"]
[EventDate "2001.04.13"]
[Source "ChessBase"]
[SourceDate "2001.07.03"]

1. d4 d5 2. c4 e6 3. Nc3 Nf6 4. Bg5 Nbd7 5. e3 c6 6. Nf3 Qa5 7. Bxf6 Nxf6 8. Qb3 dxc4 9. Bxc4 Nd5 10. O-O Qb4 11. Rac1 Nb6 12. Qxb4 Bxb4 13. Be2 O-O 14. Ne4 Be7 15. Rc2 Na4 1/2-1/2

[Event "Paulisto-chT "]
[Site "Americana"]
[Date "1998.??.??"]
[Round "3"]
[White "Disconzi da Silva, Rodrigo"]
[Black "Umetsubo, Cesar"]
[Result "1/2-1/2"]
[WhiteElo "2350"]
[BlackElo "2085"]
[PlyCount "61"]
[EventDate "1998.??.??"]
[Source "www.chesslib.no"]
[SourceDate "2004.05.04"]

1. d4 d5 2. c4 e6 3. Nc3 Nf6 4. Bg5 Nbd7 5. e3 c6 6. Nf3 Qa5 7. Nd2 dxc4 8. Bxf6 Nxf6 9. Nxc4 Qc7 10. Be2 Be7 11. O-O O-O 12. Rc1 Rd8 13. Qc2 Bd7 14. a3 Rac8 15. b4 b6 16. Ne5 c5 17. Nxd7 Nxd7 18. Ba6 Ra8 19. Ne4 Qc6 20. Bd3 g6 21. Qe2 Rac8 22. Nd2 Qa8 23. Ba6 Rc7 24. Rc2 Qb8 25. Rfc1 Bd6 26. Nf3 cxd4 27. Rxc7 Bxc7 28. Nxd4 Bxh2+ 29. Kh1 Nf6 30. g3 Bxg3 31. fxg3 1/2-1/2

[Event "Godal mem"]
[Site "?"]
[Date "1999.??.??"]
[Round "8"]
[White "Menyhart Tibor"]
[Black "Barabas Tibor"]
[Result "1-0"]
[WhiteElo "2305"]
[BlackElo "2110"]
[PlyCount "49"]
[EventDate "1999.??.??"]
[Source "www.chesslib.no"]
[SourceDate "2004.05.04"]

1. d4 d5 2. c4 e6 3. Nc3 Nf6 4. Bg5 Nbd7 5. e3 c6 6. Nf3 Qa5 7. Nd2 Bb4 8. Qc2 O-O 9. Be2 Re8 10. O-O h6 11. Bf4 g5 12. Bg3 e5 13. cxd5 exd4 14. Nb3 Qd8 15. Nxd4 Bxc3 16. bxc3 Nxd5 17. c4 Ne7 18. f4 Nf8 19. fxg5 hxg5 20. Rad1 Qa5 21. Rf6 Neg6 22. Rdf1 Rxe3 23. Bd3 Qc5 24. Bxg6 Nxg6 25. Rxg6+ 1-0

[Event "Chicago op"]
[Site "Chicago"]
[Date "1997.??.??"]
[Round "6"]
[White "Paschall, William M"]
[Black "Frenklakh, Jennie"]
[Result "1/2-1/2"]
[WhiteElo "2285"]
[BlackElo "2120"]
[PlyCount "113"]
[EventDate "1997.05.26"]
[Source "www.chesslib.no"]
[SourceDate "2004.05.04"]

1. d4 d5 2. c4 e6 3. Nc3 Nf6 4. Bg5 Nbd7 5. e3 c6 6. Nf3 Qa5 7. Nd2 Bb4 8. Qc2 Ne4 9. Ndxe4 dxe4 10. Bh4 f5 11. Be2 O-O 12. O-O e5 13. c5 exd4 14. exd4 Bxc3 15. bxc3 Nf6 16. Bg3 Be6 17. Bd6 Rf7 18. c4 b6 19. cxb6 axb6 20. a4 g5 21. f3 e3 22. f4 Ne4 23. Be5 Qd2 24. Rfc1 g4 25. Ra2 Qxc2 26. Rcxc2 Rfa7 27. d5 cxd5 28. cxd5 Bxd5 29. Ra3 Rxa4 30. Rxe3 Ra2 31. Rc7 Rd2 32. Kf1 Raa2 33. Ke1 Rac2 34. Rxc2 Rxc2 35. Kd1 Rc8 36. Ra3 Bc4 37. Bxc4+ Rxc4 38. Ra7 b5 39. Rb7 Kf8 40. Rxh7 b4 41. h4 gxh3 42. gxh3 b3 43. Rb7 Nf2+ 44. Ke2 Nxh3 45. Kf3 Nxf4 46. Bxf4 b2 47. Rxb2 Kf7 48. Rb7+ Ke6 49. Rb6+ Kd5 50. Rd6+ Kc5 51. Rf6 Rc3+ 52. Be3+ Kd5 53. Rxf5+ Ke6 54. Ra5 Rc4 55. Bf4 Rc6 56. Re5+ Kd7 57. Rb5 1/2-1/2

[Event "SVK-ch"]
[Site "Piestany"]
[Date "1985.??.??"]
[Round "9"]
[White "Ac, Michal"]
[Black "Majzlan, Igor"]
[Result "1/2-1/2"]
[WhiteElo "2200"]
[BlackElo "2200"]
[PlyCount "29"]
[EventDate "1985.??.??"]
[Source "ChessBase"]

1. d4 d5 2. c4 e6 3. Nc3 Nf6 4. Bg5 Nbd7 5. e3 c6 6. Nf3 Qa5 7. Nd2 dxc4 8. Bxf6 Nxf6 9. Nxc4 Qc7 10. g3 Bd7 11. Bg2 c5 12. d5 exd5 13. Nxd5 Nxd5 14. Qxd5 Rb8 15. O-O 1/2-1/2

[Event "Rhein Main op 5th"]
[Site "?"]
[Date "2002.05.30"]
[Round "3"]
[White "Krause Michael"]
[Black "Mueller Michael"]
[Result "0-1"]
[WhiteElo "2126"]
[BlackElo "2269"]
[PlyCount "90"]
[EventDate "2002.??.??"]
[Source "www.chesslib.no"]
[SourceDate "2004.05.04"]

1. d4 d5 2. c4 e6 3. Nc3 Nf6 4. Bg5 Nbd7 5. e3 c6 6. Nf3 Qa5 7. Bh4 Ne4 8. Qb3 Ndf6 9. Bd3 Bb4 10. Rc1 dxc4 11. Qxc4 Be7 12. Bxe4 Nxe4 13. Bxe7 Kxe7 14. b4 Nd6 15. Qb3 Qh5 16. O-O f6 17. Rfd1 Bd7 18. e4 Nf7 19. b5 Ng5 20. Nxg5 Qxg5 21. Qb4+ Kf7 22. bxc6 bxc6 23. Qb7 Rhd8 24. d5 cxd5 25. exd5 exd5 26. Nxd5 Rab8 27. Qxa7 Ra8 28. Qc5 Bh3 29. g3 Qe5 30. Qc4 Rac8 31. Nc7+ Kg6 32. Rxd8 Rxd8 33. Qc2+ Kh6 34. Qc4 Rd4 35. Qc2 g5 36. a4 Re4 37. Qd2 Re2 38. Qb4 Kg7 39. a5 Rb2 40. Qe1 Re2 41. Qb4 Qf5 42. f4 Qd3 43. Qb6 Qf3 44. Ne8+ Rxe8 45. Qb7+ Qxb7 0-1

[Event "9. DMP I IV szach"]
[Site "Lima IX DMP I IV szach"]
[Date "1992.??.??"]
[Round "?"]
[White "Matlak, J."]
[Black "Swierczynski, S."]
[Result "1-0"]
[WhiteElo "2200"]
[BlackElo "2195"]
[PlyCount "67"]
[EventDate "1992.??.??"]
[Source "www.chesslib.no"]
[SourceDate "2004.05.04"]

1. d4 d5 2. c4 e6 3. Nc3 Nf6 4. Bg5 Nbd7 5. e3 c6 6. Nf3 Qa5 7. Nd2 Bb4 8. Qc2 O-O 9. Be2 e5 10. O-O exd4 11. Nb3 Qc7 12. Nxd4 dxc4 13. Bxc4 Bxc3 14. bxc3 Ne5 15. Bb3 Qe7 16. h3 h6 17. Bh4 Kh8 18. Nf5 Bxf5 19. Qxf5 Ng6 20. Bxf6 gxf6 21. Rad1 Rad8 22. Rd4 Rxd4 23. cxd4 Kg7 24. Rc1 Re8 25. g3 Qe4 26. Qc5 Qd3 27. Rc3 Qe2 28. Rc2 Qe1+ 29. Kg2 a6 30. Qf5 Qb4 31. Rc5 Qb6 32. h4 Qc7 33. Qg4 Kh7 34. Rh5 1-0

[Event "ARG-ch U18"]
[Site "?"]
[Date "2002.08.16"]
[Round "6"]
[White "Bulo Pablo"]
[Black "Mazziotti Irigoyen Gabriel"]
[Result "1-0"]
[WhiteElo "2118"]
[BlackElo "2273"]
[PlyCount "77"]
[EventDate "2002.??.??"]
[Source "www.chesslib.no"]
[SourceDate "2004.05.04"]

1. d4 d5 2. c4 e6 3. Nc3 Nf6 4. Bg5 Nbd7 5. e3 c6 6. Nf3 Qa5 7. Nd2 Ne4 8. Ndxe4 dxe4 9. Bh4 Bb4 10. Qb3 O-O 11. Be2 e5 12. O-O exd4 13. exd4 Bxc3 14. bxc3 Nb6 15. c5 Nd5 16. Bc4 Be6 17. Rfe1 f5 18. Qxb7 Rfc8 19. Bg3 Qxc3 20. Be5 Nc7 21. Rec1 Qd2 22. Bxc7 Bxc4 23. Rxc4 e3 24. fxe3 Qxe3+ 25. Kh1 Qe7 26. Qxc6 Qxc7 27. Qxc7 Rxc7 28. d5 Rd8 29. Rd1 Kf7 30. Kg1 Kf6 31. Kf2 Ke5 32. Rc2 Kf6 33. Rd3 g5 34. Ke2 Ke5 35. d6 Rc6 36. Re3+ Kd5 37. Rd2+ Kxc5 38. Rc3+ Kb5 39. Rb2+ 1-0

[Event "Wuerttemberg candidate op"]
[Site "?"]
[Date "2002.08.28"]
[Round "5"]
[White "Reimche Vadim"]
[Black "Haecker Alexander"]
[Result "0-1"]
[WhiteElo "2140"]
[BlackElo "2242"]
[PlyCount "84"]
[EventDate "2002.??.??"]
[Source "www.chesslib.no"]
[SourceDate "2004.05.04"]

1. d4 d5 2. c4 e6 3. Nc3 Nf6 4. Bg5 Nbd7 5. e3 c6 6. Nf3 Qa5 7. cxd5 exd5 8. Nd2 Ne4 9. Ncxe4 dxe4 10. Bf4 Bb4 11. a3 Bxd2+ 12. Qxd2 Qxd2+ 13. Kxd2 Nb6 14. Rc1 Be6 15. Be2 Kd7 16. b4 a6 17. g4 Nd5 18. Bg3 g5 19. h4 h6 20. Rh2 Rhg8 21. hxg5 hxg5 22. Rh7 Nf6 23. Rh6 Ke7 24. Be5 Nd7 25. Bg3 Nf6 26. Rch1 a5 27. b5 cxb5 28. Rb1 b4 29. axb4 a4 30. f4 gxf4 31. Bh4 Rg6 32. Rxg6 fxg6 33. exf4 a3 34. Ra1 a2 35. Ke3 Ra3+ 36. Kd2 Rh3 37. f5 gxf5 38. gxf5 Bd5 39. Bg5 Kf7 40. Bf4 Bb3 41. Bd1 Bxd1 42. Rxd1 Rd3+ 0-1

[Event "Quebec-ch"]
[Site "Montreal"]
[Date "1998.??.??"]
[Round "6"]
[White "Duong Thanh Nha"]
[Black "Wenaas, Eric"]
[Result "1-0"]
[WhiteElo "2300"]
[BlackElo "2080"]
[PlyCount "91"]
[EventDate "1998.??.??"]
[Source "www.chesslib.no"]
[SourceDate "2004.05.04"]

1. d4 d5 2. c4 e6 3. Nc3 Nf6 4. Bg5 Nbd7 5. e3 c6 6. Nf3 Qa5 7. Nd2 Bb4 8. Qc2 O-O 9. Be2 e5 10. Bxf6 Nxf6 11. dxe5 Ne4 12. Rc1 Nxd2 13. Qxd2 dxc4 14. f4 Rd8 15. Qc2 Qxa2 16. O-O Bxc3 17. Qxc3 Qb3 18. Bxc4 Qxc3 19. Rxc3 Bf5 20. Rb3 b6 21. Be2 Be4 22. Rb4 Bd3 23. Kf2 c5 24. Rb3 Bxe2 25. Kxe2 Kf8 26. Ra1 Ke7 27. Ra6 Rdb8 28. g4 Rb7 29. Raa3 Ke6 30. Rd3 Rc8 31. Ra1 b5 32. Rd6+ Ke7 33. Rad1 Rcc7 34. f5 Rd7 35. f6+ gxf6 36. exf6+ Kd8 37. R6d5 c4 38. Rh5 b4 39. Rxh7 c3 40. bxc3 bxc3 41. Rxf7 Rb2+ 42. Ke1 Rxd1+ 43. Kxd1 Rxh2 44. g5 Rg2 45. Rg7 Ke8 46. e4 1-0

[Event "SVK-chT 9899"]
[Site "SVK"]
[Date "1998.??.??"]
[Round "1"]
[White "Djubek, Boris"]
[Black "Kijac, Miroslav"]
[Result "1/2-1/2"]
[WhiteElo "2215"]
[BlackElo "2155"]
[PlyCount "24"]
[EventDate "1998.??.??"]
[Source "www.chesslib.no"]
[SourceDate "2004.05.04"]

1. d4 d5 2. c4 e6 3. Nc3 Nf6 4. Bg5 Nbd7 5. e3 c6 6. Nf3 Qa5 7. Qb3 Ne4 8. Bf4 g5 9. Bg3 h5 10. h3 Nxg3 11. fxg3 Qc7 12. O-O-O Be7 1/2-1/2

[Event "ARG-Cup"]
[Site "Argentina"]
[Date "1995.??.??"]
[Round "3"]
[White "Suarez, Jose Luis"]
[Black "Guzzardo, Rogelio"]
[Result "1/2-1/2"]
[WhiteElo "2260"]
[BlackElo "2105"]
[PlyCount "106"]
[EventDate "1995.??.??"]
[Source "www.chesslib.no"]
[SourceDate "2004.05.04"]

1. d4 d5 2. c4 e6 3. Nc3 Nf6 4. Bg5 Nbd7 5. e3 c6 6. Nf3 Qa5 7. cxd5 Nxd5 8. Qd2 Bb4 9. Rc1 f6 10. Bh4 g5 11. Bg3 h5 12. h4 g4 13. Ng1 Nf8 14. e4 Nxc3 15. bxc3 Ba3 16. Rb1 Qd8 17. Bc4 b5 18. Bd3 a5 19. Ne2 Ng6 20. d5 e5 21. dxc6 b4 22. O-O Ba6 23. Rfd1 Bxd3 24. Qxd3 Qxd3 25. Rxd3 Rc8 26. Rd5 Ne7 27. Rxa5 Nxc6 28. Ra4 Rb8 29. cxb4 Bxb4 30. a3 Be7 31. Rxb8+ Nxb8 32. f4 gxf3 33. gxf3 Kd7 34. Nc3 Rc8 35. Nd5 Rc1+ 36. Kg2 Bd8 37. Ra7+ Ke6 38. Rh7 Ra1 39. Rxh5 Rxa3 40. Rh8 Nc6 41. h5 Ra7 42. Bh4 Rg7+ 43. Kf2 Be7 44. Nxe7 Nxe7 45. Rf8 Rf7 46. Rxf7 Kxf7 47. Kg3 Ng8 48. Kg4 Nh6+ 49. Kh3 Kg7 50. Be1 f5 51. Bc3 Kf6 52. f4 fxe4 53. Bxe5+ Kf5 1/2-1/2

[Event "Cseppko op"]
[Site "Aggtelek"]
[Date "1999.07.09"]
[Round "6"]
[White "Biro, David"]
[Black "Timar, Zsolt"]
[Result "1/2-1/2"]
[WhiteElo "2213"]
[BlackElo "2149"]
[PlyCount "58"]
[EventDate "1999.07.11"]
[Source "www.chesslib.no"]
[SourceDate "2004.05.04"]

1. d4 d5 2. c4 e6 3. Nc3 Nf6 4. Bg5 Nbd7 5. e3 c6 6. Nf3 Qa5 7. Nd2 Bb4 8. Qc2 O-O 9. Bxf6 Nxf6 10. Bd3 Bd6 11. c5 Be7 12. O-O Qc7 13. f4 b6 14. b4 a5 15. Na4 bxc5 16. bxc5 Ba6 17. Bxa6 Rxa6 18. Rab1 Nd7 19. Rb3 f6 20. Rfb1 Ra7 21. Qb2 e5 22. Rb7 Rxb7 23. Qxb7 Rc8 24. Qxc7 Rxc7 25. Nb6 exf4 26. exf4 Nxc5 27. dxc5 Bxc5+ 28. Kf1 Be3 29. Ke2 Bxf4 1/2-1/2